El clamor de la tierra: De un optimista a un pesimista
Gardado en:
| Autor Principal: | |
|---|---|
| Formato: | Libro |
| Idioma: | Undetermined |
| Publicado: |
San José, Costa Rica
Imprenta Greñas
1917
|
| Materias: | |
| Etiquetas: |
Engadir etiqueta
Sen Etiquetas, Sexa o primeiro en etiquetar este rexistro!
|
MARC
| LEADER | 00000nam a2200000Ia 4500 | ||
|---|---|---|---|
| 008 | 170316s9999 xx 000 0 und d | ||
| 040 | |a cru BVZT | ||
| 090 | |a 868 D-11cl | ||
| 100 | |a Dobles Segreda, Luis | ||
| 245 | |a El clamor de la tierra: De un optimista a un pesimista | ||
| 260 | |a San José, Costa Rica | ||
| 260 | |b Imprenta Greñas | ||
| 260 | |c 1917 | ||
| 300 | |a 64 páginas | ||
| 650 | |a LITERATURA COSTARRICENSE |9 17 | ||
| 650 | |a DISCURSO | ||
| 650 | |a IDEAS FILOSÓFICAS | ||
| 999 | |c 26293 |d 26293 | ||
| 942 | |c LIB |h 868 D-11cl |2 z | ||
